<?xml version="1.0" encoding="UTF-8"?>
<record
    xmlns:xsi="http://www.w3.org/2001/XMLSchema-instance"
    xsi:schemaLocation="http://www.loc.gov/MARC21/slim http://www.loc.gov/standards/marcxml/schema/MARC21slim.xsd"
    xmlns="http://www.loc.gov/MARC21/slim">

  <leader>00744naa a2200205 a 4500</leader>
  <controlfield tag="001">79474</controlfield>
  <controlfield tag="003">BD-RjUL</controlfield>
  <controlfield tag="005">20220302134951.0</controlfield>
  <controlfield tag="008">220302s19551951n  af||| |||| 00| 0 ara d</controlfield>
  <datafield tag="035" ind1=" " ind2=" ">
    <subfield code="a">(BD-RjUL)79474</subfield>
  </datafield>
  <datafield tag="040" ind1=" " ind2=" ">
    <subfield code="a">BD-RjUL</subfield>
    <subfield code="b">eng</subfield>
    <subfield code="c">BD-RjUL</subfield>
  </datafield>
  <datafield tag="041" ind1=" " ind2=" ">
    <subfield code="a">ara</subfield>
  </datafield>
  <datafield tag="082" ind1=" " ind2=" ">
    <subfield code="2">23</subfield>
    <subfield code="a">323.445</subfield>
    <subfield code="b">GAF 1955</subfield>
  </datafield>
  <datafield tag="100" ind1=" " ind2=" ">
    <subfield code="a">&#x62C;&#x627;&#x644;&#x62A; &#x60C; &#x62A;&#x648;&#x645; = Galt , Tom</subfield>
    <subfield code="9">1631</subfield>
  </datafield>
  <datafield tag="245" ind1="1" ind2="0">
    <subfield code="a"> //&#x67E;&#x6CC;&#x62A;&#x631; &#x632;&#x646;&#x62C;&#x631;: &#x645;&#x624;&#x633;&#x633; &#x62D;&#x631;&#x64A;&#x629; &#x627;&#x644;&#x637;&#x628;&#x627;&#x639;&#x629; &#x641;&#x64A; &#x627;&#x644;&#x639;&#x627;&#x644;&#x645; &#x627;&#x644;&#x62C;&#x62F;&#x64A;&#x62F;  = Fiter for freedom : muasis huriyat altibaeat fi alealam aljadid /</subfield>
    <subfield code="c">by Tom Galt =&#x62A;&#x631;&#x62C;&#x645;&#x629; &#x646;&#x62C;&#x627;&#x62A;&#x64A; &#x635;&#x62F;&#x642;&#x64A;  ; &#x62A;&#x648;&#x645; &#x62C;&#x627;&#x644;&#x628;    </subfield>
  </datafield>
  <datafield tag="260" ind1=" " ind2=" ">
    <subfield code="a">Newyork :</subfield>
    <subfield code="b">G.T. C, </subfield>
    <subfield code="c">1955</subfield>
  </datafield>
  <datafield tag="300" ind1=" " ind2=" ">
    <subfield code="a">167 p. :</subfield>
    <subfield code="b">ill. ;</subfield>
    <subfield code="c">20 cm</subfield>
  </datafield>
  <datafield tag="650" ind1=" " ind2=" ">
    <subfield code="a">Freedom of the press</subfield>
    <subfield code="9">1632</subfield>
  </datafield>
  <datafield tag="942" ind1=" " ind2=" ">
    <subfield code="2">ddc</subfield>
    <subfield code="c">BK</subfield>
  </datafield>
  <datafield tag="999" ind1=" " ind2=" ">
    <subfield code="c">79474</subfield>
    <subfield code="d">79474</subfield>
  </datafield>
  <datafield tag="952" ind1=" " ind2=" ">
    <subfield code="0">0</subfield>
    <subfield code="1">0</subfield>
    <subfield code="2">ddc</subfield>
    <subfield code="4">0</subfield>
    <subfield code="7">1</subfield>
    <subfield code="8">NFIC</subfield>
    <subfield code="a">RUCL</subfield>
    <subfield code="b">RUCL</subfield>
    <subfield code="c">Reading</subfield>
    <subfield code="d">1955-02-10</subfield>
    <subfield code="e">N/A</subfield>
    <subfield code="l">0</subfield>
    <subfield code="o">A 323.445 GAF 1955</subfield>
    <subfield code="r">2022-03-02 00:00:00</subfield>
    <subfield code="t">C-1</subfield>
    <subfield code="w">2022-03-02</subfield>
    <subfield code="y">BK</subfield>
  </datafield>
</record>
